Rethinking Global Value Chains And Corporate Social Responsibility (Record no. 42922)

MARC details
000 -LEADER
fixed length control field 00353nam a2200121Ia 4500
008 - FIXED-LENGTH DATA ELEMENTS--GENERAL INFORMATION
fixed length control field 241028s9999 xx 000 0 und d
041 ## - LANGUAGE CODE
Language code of text/sound track or separate title eng
082 ## - DEWEY DECIMAL CLASSIFICATION NUMBER
Classification number 382 THO
100 ## - MAIN ENTRY--PERSONAL NAME
Personal name Lund-Thomsen P.
245 ## - TITLE STATEMENT
Title Rethinking Global Value Chains And Corporate Social Responsibility
260 ## - PUBLICATION, DISTRIBUTION, ETC.
Name of publisher, distributor, etc. Edward Elgar
Place of publication, distribution, etc. United Kingdom
Date of publication, distribution, etc. 2022
300 ## - PHYSICAL DESCRIPTION
Extent 123 123;. p. 22 cm
Holdings
Withdrawn status Lost status Damaged status Not for loan Home library Current library Shelving location Date acquired Cost, normal purchase price Full call number Barcode Date last seen Cost, replacement price Price effective from Koha item type
        IMTN IMTN Rack 16-B 07/03/2024 7493.60 382 THO 33351 10/28/2024 68.00 10/28/2024 Books
Designed & Maintained by: LRC IMT Nagpur Contact: lrc@imtnag.ac.in© 2024. All Rights Reserved.